Представление документа в формате MARC21

Поле Инд. ПП Название Значение
Тип записи a
Библиографический уровень m
001 Контрольный номер RU/LIBMSTU/412956595
005 Дата корректировки 20230829142621.8
008 Кодируемые данные 130205|||||||||ru |||||||||||000|||rus||
020 a ISBN 978-5-93188-113-3
040 b Код языка каталог. rus
041 0_ a Код языка текста rus
a Код языка текста eng
084 a Индекс другой классификации/Индекс ББК 67.911.20+39.464.9
090 a Полочн. индекс 67.911
x Авторский знак М 43
245 10 a Заглавие Международная конвенция по предотвращению загрязнения с судов 1973 г., измененная протоколом 1978 г. к ней
b Продолж. заглавия МАРПОЛ 73/78. В 3 кн.
c Ответственность ЗАО "Центр. науч.-исслед. и проект.-конструкт. ин-т мор. флота"
n Номер части/ раздела Кн. 1 и 2
246 _1 a Другая форма заглавия International Convention for Prevention of Pollution from ships, 1973, as Modified bu the Protocol of 1978 relating thereto
260 a Место издания Санкт-Петербург
b Издательство ЦНИИМФ
c Дата издания 2012
300 a Объем 761 с.
b Иллюстрации/ тип воспроизводства ил.
500 a Примечание Загл. и текст парал. рус., англ.
650 04 a Основная рубрика Моря-Охрана от загрязнения-Конвенции международные-Официальные документы
650 14 a Основная рубрика Суда морские-Влияние на окружающую среду-Конвенции международные-Официальные документы
653 0_ a Ключевые слова Загрязнение морей; Загрязнение морей нефтью; Загрязнение с судов; Защита морской среды; Конвенции международные; МАРПОЛ 73/78; Охрана от загрязнения; Предотвращение загрязнения с судов; Экологическая безопасность на море
901 t Тип документа m